000 00491nam a2200181Ia 4500
003 GCL
008 140319s9999 xx 000 0 ara d
040 _aGCL /
_cGCL
082 0 4 _a550
_bف ف
100 1 _aمحمد جمال الدين الفندى
245 1 0 _aالسماء والدنيا /
_cمحمد جمال الدين الفندى
490 _a
650 0 4 _aالفضاء
650 0 4 _aالغلاف الجوى
650 0 4 _aالارض
650 0 4 _aالقمر
942 _2ddc
_cBK
999 _c46632
_d46632